Catálogo
 En Linea

Asesinato de las hermanas Mirabal ; (Registro nro. 20578)

Detalles MARC
000 -CABECERA
campo de control de longitud fija 01781nam a2200361 a 4500
001 - NÚMERO DE CONTROL
campo de control 000021076
005 - FECHA Y HORA DE LA ÚLTIMA TRANSACCIÓN
campo de control 20250630104809.0
008 - DATOS DE LONGITUD FIJA--INFORMACIÓN GENERAL
campo de control de longitud fija 100830s2003 dr 001 fdspa d
020 ## - NÚMERO INTERNACIONAL ESTÁNDAR DEL LIBRO
Número Internacional Estándar del Libro 9993491926
040 ## - FUENTE DE LA CATALOGACIÓN
Centro catalogador/agencia de origen DO-SdBNP
Lengua de catalogación spa
Centro/agencia transcriptor BNPHU
082 ## - NÚMERO DE LA CLASIFICACIÓN DECIMAL DEWEY
Número de clasificación 972.93053
Número de documento/Ítem B142a
049 ## - FONDOS LOCALES (OCLC)
Fondos de biblioteca BNPD
100 1# - ENTRADA PRINCIPAL--NOMBRE DE PERSONA
Nombre de persona Báez, Etzel,
Fechas asociadas al nombre 1953-
9 (RLIN) 44070
245 13 - MENCIÓN DE TÍTULO
Título Asesinato de las hermanas Mirabal ;
Resto del título El ajusticiamiento de Trujillo /
Mención de responsabilidad, etc. Etzel Báez ; prólogo Rafael Molina Morillo.
246 13 - FORMA VARIANTE DE TÍTULO
Título propio/Titulo breve El crimen de las hermanas Mirabal y el ajusticiamiento de Trujillo /
246 13 - FORMA VARIANTE DE TÍTULO
Título propio/Titulo breve El ajusticiamiento de Trujillo
260 ## - PUBLICACIÓN, DISTRIBUCIÓN, ETC.
Lugar de publicación, distribución, etc. Santo Domingo :
Nombre del editor, distribuidor, etc. Letra Gráfica,
Fecha de publicación, distribución, etc. 2003.
300 ## - DESCRIPCIÓN FÍSICA
Extensión 125 p. ;
Dimensiones 22 cm.
500 ## - NOTA GENERAL
Nota general Incluye datos biográficos del autor en la solapa de la cubierta.
505 0# - NOTA DE CONTENIDO CON FORMATO
Información miscelánea Prólogo /
Mención de responsabilidad Rafael Molina Morillo --
Título El crimen de las hermanas Mirabal:
-- Trujillo arma la trama para el asesinato --
-- 25 de noviembre de 1960.
505 0# - NOTA DE CONTENIDO CON FORMATO
Título El ajusticiamiento de Trujillo:
-- Las motivaciones de los conspiradores --
-- 30 de mayo de 1961 --
-- Fracasa el golpe de Estado.
563 ## - NOTA DE ENCUADERNACIÓN
Nota de encuadernación Dos obras encuadernadas juntas con paginación continua.
600 10 - PUNTO DE ACCESO ADICIONAL DE MATERIA--NOMBRE DE PERSONA
Nombre de persona Trujillo Molina, Rafael Leónidas,
Fechas asociadas al nombre 1891-1961
Subdivisión general Muerte
9 (RLIN) 10869
600 14 - PUNTO DE ACCESO ADICIONAL DE MATERIA--NOMBRE DE PERSONA
Nombre de persona MIRABAL REYES, MINERVA,
Fechas asociadas al nombre 1926-1960
Subdivisión general MUERTE
9 (RLIN) 14478
600 14 - PUNTO DE ACCESO ADICIONAL DE MATERIA--NOMBRE DE PERSONA
Nombre de persona MIRABAL REYES, MARÍA TERESA,
Fechas asociadas al nombre 1935-1960
Subdivisión general MUERTE
9 (RLIN) 14479
600 14 - PUNTO DE ACCESO ADICIONAL DE MATERIA--NOMBRE DE PERSONA
Nombre de persona MIRABAL REYES, PATRIA,
Fechas asociadas al nombre 1924-1960
Subdivisión general MUERTE
9 (RLIN) 14480
650 #0 - PUNTO DE ACCESO ADICIONAL DE MATERIA--TÉRMINO DE MATERIA
Término de materia o nombre geográfico como elemento de entrada Literatura dominicana.
9 (RLIN) 67
650 #4 - PUNTO DE ACCESO ADICIONAL DE MATERIA--TÉRMINO DE MATERIA
Término de materia o nombre geográfico como elemento de entrada Homicidio político
Subdivisión geográfica República Dominicana
9 (RLIN) 11383
651 #0 - PUNTO DE ACCESO ADICIONAL DE MATERIA--NOMBRE GEOGRÁFICO
Nombre geográfico REPÚBLICA DOMINICANA
Subdivisión general HISTORIA
Subdivisión cronológica ERA DE TRUJILLO, 1930-1961
Subdivisión general NOVELA
9 (RLIN) 21999
700 1# - PUNTO DE ACCESO ADICIONAL--NOMBRE DE PERSONA
Nombre de persona Molina Morillo, Rafael,
Fechas asociadas al nombre 1930-1917
Término indicativo de función/relación pról.
9 (RLIN) 37
730 3# - PUNTO DE ACCESO ADICIONAL--TÍTULO UNIFORME
Título uniforme El ajusticiamiento de Trujillo
9 (RLIN) 44071
910 ## - DATOS DE OPCIÓN DEL USUARIO (OCLC)
Datos de opción del usuario Validado. Control de calidad EMS.
Existencias
Estado de retiro Estado de pérdida No para préstamo Código de colección Localización permanente Ubicación/localización actual Ubicación en estantería Fecha de adquisición Número de inventario Total de préstamos Signatura topográfica completa Código de barras Fecha visto por última vez Precio válido a partir de Tipo de ítem Koha Número de copia
    Excluido de préstamo Patrimonio Dominicano Patrimonio Dominicano Patrimonio Dominicano Depósito 30.08.2010 LF1   972.93053 B142a 21076-10 25.06.2020 25.06.2020 Libro y Folleto Colección Patrimonio Dominicano  
    Excluido de préstamo Patrimonio Dominicano Patrimonio Dominicano Patrimonio Dominicano Depósito 30.08.2010 LF1   972.93053 B142a 21076-20 25.06.2020 25.06.2020 Libro y Folleto Colección Patrimonio Dominicano e. 2

Con tecnología Koha